| 000 | 00821nam a22001817a 4500 | ||
|---|---|---|---|
| 005 | 20120313130335.0 | ||
| 020 |
_c500.00 _a8170562988 |
||
| 035 | _aB-148747 | ||
| 037 |
_b _adpl |
||
| 082 | _a301 | ||
| 100 |
_aशर्मा, वीरेन्द्र प्रकाश _943759 |
||
| 245 | 1 |
_aग्रामीण एवं नगरीय समाजशास्त्र / _cवीरेन्द्र प्रकाश शर्मा |
|
| 260 |
_aजयपुर _bपंचशील प्रकाशन _c2005 |
||
| 270 |
_a _b _e _k |
||
| 300 |
_a248पृ. _c22सेमी (सजिल्द) |
||
| 942 |
_adpl _cHN _k _2ddc _h301 _mशर्मावी |
||
| 999 |
_c64011 _d64011 |
||